000 01435nam a2200361Ia 4500
001 ebr10676008
003 CaPaEBR
006 m u
007 cr cn|||||||||
008 080623s2008 si ab sb 001 0 eng d
010 _z 2008314986
020 _z9789812615220
020 _z9789814435482 (ebook)
020 _z9812615229
040 _aCaPaEBR
_cCaPaEBR
035 _a(OCoLC)847617013
050 1 4 _aDS610.4
_b.B35 2008eb
100 1 _aBaker, Jim
_q(James Michael),
_d1948-
245 1 0 _aCrossroads
_h[electronic resource] :
_ba popular history of Malaysia and Singapore /
_cJim Baker.
246 3 _aPopular history of Malaysia & Singapore
250 _aFully updated 2nd ed.
260 _aSingapore :
_bMarshall Cavendish Editions ;
_aTarrytown, N.Y. :
_bMarshall Cavendish Corp.,
_cc2008.
300 _a456 p. :
_bill., maps.
504 _aIncludes bibliographical references (p. 436-443) and index.
533 _aElectronic reproduction.
_bPalo Alto, Calif. :
_cebrary,
_d2013.
_nAvailable via World Wide Web.
_nAccess may be limited to ebrary affiliated libraries.
650 0 _aHistory
_zMalaysia.
650 0 _aHistory
_zSingapore.
651 0 _aMalaysia
_xHistory.
651 0 _aSingapore
_xHistory.
655 7 _aElectronic books.
_2local
710 2 _aebrary, Inc.
856 4 0 _uhttp://site.ebrary.com/lib/rucke/Doc?id=10676008
_zAn electronic book accessible through the World Wide Web; click to view
999 _c57926
_d57926